000 00547nam a2200193Ia 4500
003 LDD
008 181029s9999 xx 000 0 und d
020 _a521674352
_cUS
_24.99
040 _cLDD
100 _aKoplow, David A.
245 0 _aNon-Lethal Weapons
_cDavid A. Koplow
260 _aNew York
_bCambridge University Press
_c2006
300 _aix, 194p.
365 _bUS
_24.99
901 _a3479
_b13-11-2006
902 _a903
_b16-12-2006
_cF
_dAAKAR
_e32
903 _aDiscount-10
_bReqst by : Gopal, D.(Dr.)
942 _2ddc
_cBK
999 _c76905
_d76905